000 00415nam a2200169Ia 4500
008 170705s9999 xx 000 0 und d
020 _a9780545078951
245 _aIf the shoe fits /
245 _cGary Soto ; illustrated by Terry Widener.
260 _aNew York :
260 _bScholastic,
260 _c2002
300 _a30 pages :
300 _bcolor illustration ;
300 _c26cm.
500 _a730
999 _c336802
_d336802